<?xml version="1.0" encoding="UTF-8"?>
<collection xmlns="http://www.loc.gov/MARC21/slim">
 <record>
  <leader>00488nam a22001575a 4500</leader>
  <controlfield tag="001">EHU.bham046633</controlfield>
  <controlfield tag="005">20110518172803.0</controlfield>
  <controlfield tag="008">110518s1945####xx############000#0#und#d</controlfield>
  <datafield tag="100" ind1="1" ind2=" ">
   <subfield code="a">Agosti, Héctor O.</subfield>
  </datafield>
  <datafield tag="245" ind1="0" ind2="0">
   <subfield code="a">Defensa del realismo /</subfield>
   <subfield code="c">Héctor P. Agosti.</subfield>
  </datafield>
  <datafield tag="260" ind1=" " ind2=" ">
   <subfield code="a">Montevideo :</subfield>
   <subfield code="b">Ediciones pueblos unidos,</subfield>
   <subfield code="c">1945.</subfield>
  </datafield>
  <datafield tag="300" ind1=" " ind2=" ">
   <subfield code="a">169 p.</subfield>
  </datafield>
  <datafield tag="653" ind1=" " ind2=" ">
   <subfield code="a">Literatura.</subfield>
  </datafield>
  <datafield tag="653" ind1=" " ind2=" ">
   <subfield code="a">Estilos literarios.</subfield>
  </datafield>
  <datafield tag="653" ind1=" " ind2=" ">
   <subfield code="a">Novela.</subfield>
  </datafield>
  <datafield tag="859" ind1=" " ind2=" ">
   <subfield code="a">AR-BHAM</subfield>
   <subfield code="b">BIB. HUMANIDADES - Donacion Lejarraga</subfield>
   <subfield code="h">MFN000852</subfield>
   <subfield code="p">000852.19</subfield>
  </datafield>
 </record>
</collection>
